Miscellaneous - Statistics

General Stats
  • This quiz has been taken 21 times
  • The average score is 7 of 21
Answer Stats
Hint Answer % Correct
If your birthday is February 19th, what is your zodiac sign? Pisces
74%
WALL-E's girlfriend is called ___. Eve / Eva
58%
In football, if you tackle the opposing quarterback before he throws the ball, it's called a ____. Sack
53%
Name any of the Jackson 5 members besides Michael. Jermaine / Tito / Jackie / Marlon
47%
What does UFC stand for? Ultimate Fighting Championship
47%
What organization is Nick Fury apart of? SHIELD
42%
Name one person from the duo that created South Park. Trey Parker / Matt Stone
37%
Which rapper often says they are not from 63rd? King Von
32%
Stephen Curry has a brother named ____ Curry. Seth
32%
Which mammal has the smallest brain? Shrew
32%
What is the fake-language in the Sims franchise called? Simlish
32%
Write any synonym of "Veracious". Honest / Truthful / Accurate / Factual / Correct / True
26%
Which Pokemon does Weedle evolve into? Kakuna
26%
Which car brand manufactures the "Seltos"? KIA
26%
What is the stage-name of Ohio rapper Colson Baker? Machine Gun Kelly / MGK
26%
Who is the current Emperor of Japan? Not the Prime Minister. Naruhito
26%
Peruvian Inca Orchid, Puli, and Bergamasco are all examples of... Dogs / Breeds
21%
Which animal has 32 individual brains? Leech
21%
What was the official debut single of BTS? No More Dream
21%
What was the name of Po's adoptive father in Kung Fu Panda? Ping
21%
Which country's population has the highest percentage of atheists? Sweden
21%
No matching quizzes found
Score Distribution
Percent of People with Each Score
Percentile by Number Answered
Your Score History
You have not taken this quiz